书目信息 |
| 题名: |
制图字体
|
|
| 作者: | ;武汉测绘学院地图制图系 编 | |
| 分册: | ||
| 出版信息: | 北京 测绘出版社 1984 |
|
| 页数: | 154页 | |
| 开本: | 19cm | |
| 丛书名: | ||
| 单 册: | ||
| 中图分类: | J292.13 | |
| 科图分类: | ||
| 主题词: | 制图-书法--中国 , 书法-制图--中国 | |
| 电子资源: | ||
| ISBN: | ||
| 000 | 00717nam0 2200241 45 | |
| 001 | 0184004365 | |
| 005 | 20060803083333.53 | |
| 010 | @dCNY1.30 | |
| 100 | @a19950412d1984 em y0chiy0121 ea | |
| 101 | 0 | @achi |
| 102 | @aCN@b110000 | |
| 105 | @ay z 000yy | |
| 200 | 10 | @a制图字体@Azhi tu zi ti@f武汉测绘学院地图制图系编@Fwu han ce hui xue yuan di tu zhi tu xi bian |
| 205 | @a2版@b修订本 | |
| 210 | @a北京@c测绘出版社@d1984 | |
| 215 | @a154页@d19cm | |
| 606 | @a制图-书法@y中国 | |
| 606 | @a书法-制图@y中国 | |
| 690 | @aJ292.13@v3 | |
| 711 | 0 | @a武汉测绘学院地图制图系@Awu han ce hui xue yuan di tu zhi tu xi@4编 |
| 801 | 0 | @aCN@bTSSF@c20060803 |
| 801 | 2 | @aCN@bNLC@c20060315 |
| 905 | @a10447@dJ292.13@e138 | |
| 制图字体/武汉测绘学院地图制图系编.-2版,修订本.-北京:测绘出版社,1984 |
| 154页;19cm |
| ISBN :CNY1.30 |
| ● |
| 相关链接 |
|
|
|
|
正题名:制图字体
索取号:J292.13/138
 
预约/预借
| 序号 | 登录号 | 条形码 | 馆藏地/架位号 | 状态 | 备注 |
| 1 | 0170231 | 202206503 | 密集书库/ [索取号:J292.13/138] | 在馆 | |
| 2 | 0170232 | 000794661 | 第一样本阅览室/ [索取号:J292.13/138] | 在馆 | |
| 3 | 0444359 | 204443593 | 密集书库/ [索取号:J292.13/138] | 在馆 |